000 00530nam a2200181 i 4500
001 bg
100 1 _aDOMKE, Wilhelm
245 0 _aVademecum materiałoznawstwa :
_bstal, metale nieżelazne, tworzywa sztuczne, badania metali /
_cWilhelm Domke.
250 _aWyd. 3 popr. i uzup.
260 _aWarszawa,
_c1989.
650 9 _aMateriałoznawstwo
655 _aPodręczniki akademickie
040 _cBPK
041 _apol
080 _a669.017/.018+678:620.1](075.8)
942 _cKS
008 s pl f |000 0 pol
999 _c3908
_d3908
856 _uhttp://koha.tu.koszalin.pl/cgi-bin/koha/opac-detail.pl?biblionumber=3908
_yKatalog online BPK